000 00826nam a2200253 i 4500
001 bgj
100 1 _aROLVAAG, Ole Edvart
_d(1876-1931).
245 1 0 _aGiants in the Earth :
_ba saga of the prairie /
_cby O. E. Rolvaag ; translated from the norwegian by Lincoln Colcord & the Autor.
260 _aNew York :
_bHarper and Row, Publishers,
_cc. 1955.
300 _aXXII, 453 pp ;
_c18 cm.
490 1 _aA Perennial Classic
650 9 _aNorwegian Americans
650 9 _aNorwegian Fiction
_xTranslations into English
651 9 _aSouth Dakota
655 _aFiction
700 1 _aCOLCORD, Lincoln
_d(1883-1947).
_etranslator
830 _aA Perennial Classic
020 _a0060830476
040 _cBPK
041 0 _aeng
_hnor
920 _a0-06-083047-6
942 _cKS
008 s uk f |000 0 eng
999 _c48550
_d48550
856 _uhttp://koha.tu.koszalin.pl/cgi-bin/koha/opac-detail.pl?biblionumber=48550
_yKatalog online BPK